[Event "Reggio Emilia-A 9192 34th"]
[Site "Reggio Emilia"]
[Date "1992.??.??"]
[Round "9"]
[White "Kasparov, Garry"]
[Black "Khalifman, Alexander"]
[Result "1/2-1/2"]
[WhiteElo "2770"]
[BlackElo "2630"]
[Annotator "Ftacnik,L"]
[PlyCount "65"]
[EventDate "1991.12.??"]
[EventType "tourn"]
[EventRounds "9"]
[EventCountry "ITA"]
[EventCategory "18"]
[SourceTitle "CBM 027"]
[Source "ChessBase"]
[SourceDate "1992.04.01"]
[SourceVersion "1"]
[SourceVersionDate "1992.04.01"]
[SourceQuality "1"]

1. Nf3 d5 2. c4 e6 3. d4 Nf6 4. Nc3 Be7 5. Bf4 O-O 6. e3 c5 7. dxc5 Bxc5 8. Qc2
Nc6 9. a3 Qa5 10. O-O-O Be7 11. g4 dxc4 12. Bxc4 e5 13. g5 exf4 14. gxf6 Bxf6
15. Nd5 Ne7 16. Nxf6+ gxf6 17. Rhg1+ Kh8 18. Qe4 Ng6 (18... Qc5 19. Qxf4 Bf5
20. b4 Qc6 21. Rd6 Qa4 22. Bd3 Qxa3+ 23. Kd1 Rfd8 $17 {Ambarcumjan-Magomedov/
Frunze op/1989/}) 19. Qd4 $5 {N} (19. Rd5 Qc7 20. Qd4 Be6 21. Rc5 Qe7 22. Bxe6
fxe6 23. Kb1 e5 $15 {Shabalov-Kruppa/Nabereznie Chelni/1988/}) 19... Qb6 $1 20.
Qxb6 axb6 21. Rd6 fxe3 22. fxe3 Ra5 $1 23. Kd2 (23. Rxb6 Rc5 24. b3 Be6 $10)
23... Rf5 (23... Rc5 24. Bd3 Rc6 $10) 24. Rf1 Rc5 25. Bd3 Rc6 26. Rxc6 bxc6 27.
b4 Rd8 28. Rc1 Ne5 (28... Bf5 29. Nd4 Bxd3 30. Kxd3 Ne5+ 31. Ke4 $10) 29. Nd4
Nxd3 30. Kxd3 Bd7 31. Ke4 Re8+ 32. Kf4 Rc8 33. Nf5 {Ftacnik,L} 1/2-1/2

[Event "Ter Apel"]
[Site "Ter Apel"]
[Date "1992.??.??"]
[Round "2"]
[White "Epishin, Vladimir"]
[Black "Van der Sterren, Paul"]
[Result "1-0"]
[WhiteElo "2620"]
[BlackElo "2535"]
[Annotator "Ftacnik,L"]
[PlyCount "65"]
[EventDate "1992.03.??"]
[EventType "tourn"]
[EventRounds "5"]
[EventCountry "NED"]
[EventCategory "14"]
[SourceTitle "CBM 030"]
[Source "ChessBase"]
[SourceDate "1992.10.01"]
[SourceVersion "1"]
[SourceVersionDate "1992.10.01"]
[SourceQuality "1"]

1. d4 Nf6 2. c4 e6 3. Nf3 d5 4. Nc3 Be7 5. Bf4 O-O 6. e3 c5 7. dxc5 Bxc5 8.
cxd5 Nxd5 9. Nxd5 exd5 10. a3 Nc6 11. Bd3 Bb6 12. O-O Bg4 13. h3 Bh5 14. b4 a6
15. Rc1 (15. Ra2 d4 16. e4 Bc7 17. Bxc7 Qxc7 18. g4 $6 (18. Rc2 $1 Rad8 $5 (
18... Qf4 19. Rc5 Bxf3 20. Qxf3 Qxf3 21. gxf3 $14)) 18... Bg6 19. Re2 Rfe8 20.
Qd2 Rad8 $15 {Seirawan,Y-Georgiev,Kir/Dubai ol/1986/}) 15... d4 (15... Re8 16.
g4 Bg6 17. Bxg6 hxg6 18. Qd3 d4 19. e4 {Speelman,J-Geller,E/London/1982/}) 16.
g4 Bg6 17. e4 Rc8 (17... Bc7 18. Qd2 Bxf4 19. Qxf4 $14) 18. Re1 Re8 19. Kg2 Bc7
20. Qd2 Bxf4 21. Qxf4 Na7 22. Rxc8 Nxc8 (22... Qxc8 23. Rc1 Qe6 24. Rc7 $16)
23. Rd1 Na7 (23... Ne7 24. Bc4 Nc6 25. e5 Qe7 26. e6 $1 $16) 24. Bc4 Rxe4 25.
Bxf7+ Kf8 (25... Kh8 26. Qg5 Qxg5 27. Nxg5 Rf4 28. Bxg6 hxg6 29. Ne6 $18) 26.
Qg5 Qd6 (26... Qxg5 27. Nxg5 Re5 28. Bxg6 Rxg5 29. Be4 Nc6 30. Bxc6 bxc6 31.
Rxd4 $16) 27. Qd5 (27. Bxg6 hxg6 28. Qd2 Nc6 $13) 27... Nb5 (27... Qxd5 28.
Bxd5 Re7 29. Nxd4 $16) 28. a4 (28. Qxd6+ Nxd6 29. Bd5 Re7 30. Nxd4 Be4+ 31.
Bxe4 Nxe4 32. Nf5 $16) 28... Qxd5 (28... Bxf7 29. Qxe4 Nc3 30. Qxd4 $18) 29.
Bxd5 Nc3 30. Bxe4 Nxd1 31. Bxb7 d3 (31... Nc3 32. Nxd4 Nxa4 33. Bxa6 $18) 32.
a5 Nc3 33. Nd2 {Ftacnik,L} (33. Nd2 Na2 34. b5 axb5 35. a6 $18) 1-0

[Event "Interzonal-16"]
[Site "Biel"]
[Date "1993.??.??"]
[Round "2"]
[White "Gelfand, Boris"]
[Black "Nogueiras Santiago, Jesus"]
[Result "1-0"]
[WhiteElo "2670"]
[BlackElo "2580"]
[Annotator "Gelfand,B"]
[PlyCount "63"]
[EventDate "1993.07.16"]
[EventType "swiss"]
[EventRounds "13"]
[EventCountry "SUI"]
[SourceTitle "CBM 037"]
[Source "ChessBase"]
[SourceDate "1993.12.01"]
[SourceVersion "1"]
[SourceVersionDate "1993.12.01"]
[SourceQuality "1"]

1. d4 {Ambroz} d5 2. c4 e6 3. Nc3 Nf6 4. Nf3 Nbd7 5. Qc2 Be7 6. Bf4 O-O 7. e3
a6 8. a3 $5 $146 (8. Rd1 {Ambroz} c6 9. Be2 b5 10. c5 b4 11. Na4 a5 12. Ne5 $5
{Gelfand-King, Haifa 1989}) 8... dxc4 $1 9. Bxc4 b5 10. Ba2 c5 11. Rd1 (11. d5
exd5 12. Nxd5 Nxd5 (12... Bb7 $5 13. Nxe7+ (13. Rd1 {Ambroz} Nxd5 14. Bxd5 Bxd5
15. Rxd5 Qc8 16. O-O Nf6 $10) 13... Qxe7 $13) 13. Bxd5 Ra7 14. Rd1 Qa5+ $132)
11... c4 12. e4 Bb7 13. Bb1 (13. O-O $5 Re8 $1 (13... Qb6 14. d5 exd5 15. e5) (
13... h6 {Ambroz} 14. d5 exd5 15. e5 (15. exd5 Re8 16. d6 Bf8 $13 17. Bb1 g6)
15... Nh5 (15... Ne4 16. Nxd5) 16. Bb1 $40) 14. Bb1 g6 $132) 13... g6 14. O-O
Qb6 (14... Re8 $5 {/\ Bf8}) 15. d5 $2 (15. Bg5 Rfe8 16. Rfe1 $13 (16. e5 $5 Nd5
17. Ne4 $13) (16. Qe2 {Ambroz} a5 17. e5 $36)) 15... exd5 16. e5 (16. exd5 {
Ambroz} Rfe8 $13) 16... Nh5 17. Bh6 d4 $1 (17... Rfd8 18. Nxd5 Bxd5 19. Rxd5
Nc5 $10 (19... Nc5 {Ambroz} 20. Rxd8+ Rxd8 21. Be3 Qc7 $15)) 18. Nxd4 (18. Bxf8
$2 d3 (18... d3 $1 {Ambroz} 19. Qd2 Bxf8 $19 {>< Bb1, /^ a8-h1})) 18... Nxe5 (
18... Rfd8 {Ambroz} 19. Qe2 Nxe5 20. Ndxb5 axb5 (20... Bf6 21. Be3 $1) 21. Qxe5
Bc5 22. Nd5 $13) 19. Bxf8 (19. Rfe1 Bf6 20. Bxf8 Nd3 $1) 19... Bxf8 20. Nce2
Rd8 21. Qc3 Bc5 $1 $17 (21... Bg7 $15) 22. Kh1 Qf6 $2 (22... Nf4 23. Nxf4 (23.
Nc6 Ned3) (23. Nf3 Ned3) 23... Bxd4 24. Qb4 (24. Qg3 Bxb2) (24. Qd2 Ng4 25. Qe2
(25. h3 Bf6 $19) 25... Nxf2+ $5 26. Rxf2 Bxf2 27. Rxd8+ Qxd8 28. Qxf2 Qd1+ 29.
Qg1 Qd2 $36) (24. Qc2 {Ambroz} Qf6 25. Ne2 Bxg2+ (25... Ng4 26. Nxd4 (26. Rxd4
$2 Rxd4 27. Nxd4 Qf4 28. Nf3 Bxf3) 26... Qh4 (26... Qf4 27. Nf3 Rxd1 28. Rxd1
Bxf3 29. Rd8+ Kg7 30. Qc3+ f6 31. Rd7+ Kg8 32. Rd8+ Kf7 33. Rd7+ Ke6 (33... Kg8
34. Rd8+ $10) 34. Rxh7 Bxg2+ 35. Kxg2 Qxf2+ 36. Kh3 Ne3 $19) 27. Nf3 Rxd1 28.
Qxd1 (28. Rxd1 Bxf3 29. Rd8+ Kg7 30. Qc3+ f6 $19 31. Rd7+ $140 Kg8 32. Rd8+ Kf7
33. Rd7+ Ke6) 28... Bxf3 29. Qd6 Be2 30. Rc1 Nxf2+ 31. Kg1 Nh3+ $17) 26. Kxg2
Qf3+ 27. Kg1 Qg4+ 28. Kh1 (28. Ng3 Nf3+ 29. Kg2 Nh4+ 30. Kg1 Qf3 (30... Nf3+
$10) 31. Qe4 Bxf2+ 32. Rxf2 Rxd1+ $13) 28... Qf3+ $10) 24... Ng4 $17) 23. f3
$13 Bd6 (23... Nf4 {Ambroz} 24. Nxf4 Qxf4 25. Ne2 $14) 24. Be4 Bxe4 25. fxe4
Qh4 $6 (25... Qe7 $142) (25... Qe7 $5 {Ambroz}) 26. Nf5 $1 gxf5 27. Rxd6 Rxd6
28. Qxe5 Re6 $2 $138 (28... Qf6 29. Qc5 (29. Qe8+ Kg7 30. e5 (30. g4 $2 Rd8) (
30. Rxf5 $2 Rd1+ 31. Ng1 Ng3+ $19) 30... Qd8 $1 $15) 29... Rc6 (29... Rd2 $5
30. Rxf5 Qd8) 30. Qa7 $5 f4 $13) 29. Qb8+ Kg7 30. Nd4 Ng3+ $4 (30... Qxe4 $142
$8 31. Nxe6+ (31. Nxf5+ $2 Qxf5) 31... Qxe6 {/\ Nh5-f6-e4+/-} (31... Qxe6 {
Ambroz} 32. Qa7 $14)) 31. Qxg3+ Qxg3 32. Nxe6+ 1-0

[Event "Linares 09th"]
[Site "Linares"]
[Date "1991.??.??"]
[Round "11"]
[White "Gelfand, Boris"]
[Black "Jussupow, Artur"]
[Result "1/2-1/2"]
[WhiteElo "2700"]
[BlackElo "2605"]
[Annotator "Gelfand,B"]
[PlyCount "119"]
[EventDate "1991.02.??"]
[EventType "tourn"]
[EventRounds "13"]
[EventCountry "ESP"]
[EventCategory "17"]
[SourceTitle "CBM 022"]
[Source "ChessBase"]
[SourceDate "1991.06.01"]
[SourceVersion "1"]
[SourceVersionDate "1991.06.01"]
[SourceQuality "1"]

1. d4 d5 2. c4 e6 3. Nc3 Be7 4. Nf3 Nf6 5. Bf4 O-O 6. e3 c5 7. dxc5 Bxc5 8. Qc2
Nc6 9. a3 Bd7 $6 10. Rd1 Rc8 11. Be2 (11. Bg5 Be7 12. Bxf6 Bxf6 13. cxd5 exd5
14. Rxd5 Qe7 {Browne - Christiansen,L USA(ch)1990}) 11... dxc4 12. Bxc4 Qa5 13.
O-O Rfd8 14. e4 $5 (14. Ne4 Be7 15. Nd6 Bxd6 16. Rxd6 b5 17. Ba2 Nd4 18. Qd2
Nxf3+ 19. gxf3 Qxd2 20. Rxd2 Bc6 $10) 14... Nh5 15. Bc1 (15. Bg5 Be7 $1 $10 {}
16. Nd5 $2 exd5 17. exd5 (17. Rxd5 Qc7) 17... Ne5 18. Bxe7 Rxc4 19. Bxd8 Qxd8
20. Qe2 Nxf3+ $17) 15... Qc7 $6 (15... Be7 16. Qe2 $14 {} Bxa3 $6 17. Nd5 $1
Bb4 18. Bg5 $5 $40 (18. Ng5 $6 g6 $2 (18... Nf6 $1 $13) 19. g4 $16)) 16. Nb5
Qb8 $8 17. Bxe6 $1 Bxf2+ (17... Bxe6 $2 18. Qxc5 $18) 18. Qxf2 Bxe6 19. Rxd8+ (
19. Qh4 $5 Rxd1 20. Rxd1 g6 (20... Rd8 21. Rxd8+ Qxd8 22. Qxd8+ Nxd8 23. Nxa7
Bd7 24. Ne5 $18) 21. g4 $1 Ng7 (21... Ne5 $2 22. Nxe5 Qxe5 23. gxh5 Qxb5 24.
Rd8+ Rxd8 25. Qxd8+ Kg7 26. h6#) 22. Ng5 h5 23. gxh5 Nxh5 24. Nxe6 fxe6 25. Qg4
$16) 19... Nxd8 (19... Rxd8 20. Qh4 Nf6 21. Bf4 Qc8 22. Bg5 Bc4 23. Bxf6 gxf6 (
23... Bxf1 24. Qg5 $18) 24. Nd6 $1 Rxd6 25. Qg3+ Kh8 26. Qxd6 Bxf1 27. Qxf6+
Kg8 28. Kxf1 $16) 20. Nxa7 Rc4 $8 21. Ng5 Nf6 22. Bf4 Qa8 23. Nb5 $6 (23. b3 $1
Rc3 (23... Nxe4 24. Qb6 $18) 24. e5 (24. Qd4 Rxb3 25. Rd1 Nd7) 24... Ng4 (24...
Nd5 25. Bd2 $16) 25. Qd4 h6 (25... Nc6 26. Nxc6 Rxc6 27. Nxe6 Rxe6 28. h3 $18)
26. Nxe6 Nxe6 27. Qxc3 Qxa7+ 28. Kh1 Nf2+ 29. Rxf2 Qxf2 30. Be3 $16) 23... Nxe4
24. Nxe4 Rxe4 25. Nd6 (25. Nc7 Qc8 26. Nxe6 Nxe6 $10) 25... Ra4 26. Be5 Qa7 $10
27. Qxa7 Rxa7 28. Rd1 Nc6 29. Bc3 b6 30. Ne4 Rd7 31. Rxd7 Bxd7 32. Nd6 Kf8 33.
Nc4 b5 34. Nd6 Ne7 35. Bb4 Nd5 36. Bc5 Kg8 37. g3 f5 38. Kf2 g5 39. Ke2 Kg7 40.
Kd3 f4 41. Kd4 fxg3 42. hxg3 Ne7 43. Ne4 (43. Nxb5 Nf5+ 44. Ke5 Nxg3 $132)
43... Nf5+ 44. Ke5 Kg6 45. Bf2 h5 46. Nf6 Bc8 47. Nd5 Bd7 48. Nc7 h4 49. gxh4
gxh4 50. Bxh4 $5 Nxh4 51. Kd6 Bf5 52. Nxb5 Bc2 $1 53. b4 Nf5+ 54. Kc7 Kf6 55.
Nc3 Ne3 56. b5 Nc4 57. a4 Ke5 58. b6 Nxb6 59. a5 Nd5+ 60. Nxd5 1/2-1/2

[Event "Novgorod 3rd"]
[Site "Novgorod"]
[Date "1996.07.21"]
[Round "2"]
[White "Gelfand, Boris"]
[Black "Short, Nigel D"]
[Result "1/2-1/2"]
[WhiteElo "2665"]
[BlackElo "2695"]
[Annotator "Gelfand,B"]
[PlyCount "72"]
[EventDate "1996.07.20"]
[EventType "tourn"]
[EventRounds "10"]
[EventCountry "RUS"]
[EventCategory "19"]
[SourceTitle "CBM 054"]
[Source "ChessBase"]
[SourceDate "1996.10.01"]
[SourceVersion "1"]
[SourceVersionDate "1996.10.01"]
[SourceQuality "1"]

1. d4 Nf6 2. c4 e6 3. Nf3 d5 4. Nc3 Be7 5. Bf4 O-O 6. e3 c5 7. dxc5 Bxc5 8. a3
Nc6 9. Qc2 Qa5 10. O-O-O Be7 11. Kb1 a6 12. Nd2 Qb6 $1 $146 (12... b5 13. Nb3
Qb6 14. cxd5 exd5 15. Bg5 Be6 16. Bxf6 Bxf6 17. Nxd5 Bxd5 18. Rxd5 Rac8 {
van Wely-Khuzman,95,Amsterdam,Donner mem}) 13. Nb3 Na5 $1 (13... dxc4 14. Bxc4
Qa7 15. Ne4 Nxe4 16. Qxe4 g6 17. Bd6 $16 (17. Ka1)) (13... Bd7 14. g4) 14. Nxa5
Qxa5 15. cxd5 (15. Qa4 Qb6 (15... Qxa4 16. Nxa4 Ne4)) 15... exd5 (15... Nxd5 $2
16. Nxd5 exd5 17. Bc7 b6 18. Qc6) 16. Be5 Be6 {So,there is typical position
with isolated pawn on the board.It is easier to play it with White,but Black
has enough counterchances} 17. Bd3 (17. Qd2 Qb6 18. Bd4 Qb3 19. Qc2 Qxc2+ 20.
Kxc2 Ne4 $10) 17... Rac8 18. Qd2 Kh8 (18... Rfd8 19. Bxf6 Bxf6 20. Ne4 Qb6 21.
Nxf6+ gxf6 22. Bc2 $5 $13 (22. Qb4 Qxb4 23. axb4 d4 24. exd4 Rc6 $10)) (18...
d4 $5 $13 19. Bxd4 Rfd8 20. Rc1) 19. Ne4 (19. Bd4 b5 20. Ne4 Qxd2 21. Nxd2 Ng4
22. Rdf1 f6 $10) (19. f3 b5 $132) 19... Qxd2 20. Nxd2 Nd7 21. Bd4 f6 22. Nf3
Nc5 (22... Bd6 $5) 23. Bxc5 $1 $14 {It is very useful to exchange Black s
Knight and leave my opponent without counterplay} Bxc5 24. Bc2 Rfd8 25. Nd4 Bf7
26. Bf5 (26. g4 Rd6 $1) 26... Rc7 27. Rd2 (27. Rc1 $5 g6 28. Be6 Kg7 29. Rc2
Bb6 30. Rxc7 Bxc7 31. Rc1 Bb6 32. Rc8 Rd6 33. Bxf7 Kxf7 34. Rh8 Bxd4 35. exd4
Kg7 36. Rb8 Rd7 37. Kc2 $14) 27... g6 28. Bh3 f5 29. Rc1 Kg7 30. g3 $6 (30.
Rdc2 Rdc8 31. g4 $5 (31. Nxf5+ $4 gxf5 32. Bxf5 Bg6 33. Bxc8 Rxc8 34. b4 Bd6
$19) 31... Bd6 $1 32. gxf5 (32. f4 Rxc2 33. Rxc2 Rxc2 34. Kxc2 fxg4 35. Bxg4 b6
$10) 32... Rxc2 33. Nxc2 Re8 $14) 30... Bb6 31. Rxc7 Bxc7 32. Bg2 Kf6 $10 33.
Ne2 Ba5 (33... Bb6) 34. Rd1 (34. Rd3 g5 (34... Be1 $5)) 34... g5 35. b4 Bb6 36.
Rd2 h6 1/2-1/2

[Event "Voskresensk"]
[Site "Voskresensk"]
[Date "1993.??.??"]
[Round "?"]
[White "Kharitonov, Andrei Y"]
[Black "Danielian, Oganes"]
[Result "1-0"]
[WhiteElo "2530"]
[BlackElo "2460"]
[Annotator "Glatman,V"]
[PlyCount "61"]
[EventDate "1993.??.??"]
[EventType "tourn"]
[EventRounds "11"]
[EventCountry "RUS"]
[EventCategory "9"]
[SourceTitle "CBM 038"]
[Source "ChessBase"]
[SourceDate "1994.02.01"]
[SourceVersion "1"]
[SourceVersionDate "1994.02.01"]
[SourceQuality "1"]

1. d4 e6 2. Nf3 d5 3. c4 Nf6 4. Nc3 Be7 5. Bf4 O-O (5... a6 $5 6. e3 dxc4 7.
Bxc4 (7. a4 $5) 7... b5 8. Bd3 Bb7 9. O-O (9. Qe2 $5 Nbd7 10. e4 c5 11. d5 exd5
12. exd5 Nxd5 13. Nxd5 Bxd5 14. O-O-O $44) 9... O-O 10. e4 $5 (10. Qe2 c5 $10)
10... b4 11. Na4 Nxe4 12. Qc2 Nd6 13. Ne5 $44 {Ivanov,S-Nikolaev,S Russia 1992
Inf 55/410/}) 6. e3 dxc4 (6... c5 $5) 7. Bxc4 a6 8. Ne5 $5 $146 (8. Bd3 Nbd7 9.
e4 c5 10. e5 Nh5 11. Be3 cxd4 12. Nxd4 g6 13. Be2 Nxe5 14. f4 Nc6 15. Bxh5 gxh5
16. Qxh5 $1 Nxd4 17. O-O-O Bf6 18. Rd3 $1 Nb3+ $1 19. Kc2 Qa5 $13 {Dreev,
A-Nenashev,A Manila 1992 Inf 55/411/}) (8. a4 c5 9. O-O cxd4 10. Nxd4 Bd7 11.
e4 Nc6 12. e5 Nxd4 13. Qxd4 Nh5 14. Be3 Bc6 $10 {Aleksandrov,A-Danielian,O
Voskresensk A 1993/}) 8... b5 (8... c5 $5 9. a4 (9. dxc5 Qxd1+ 10. Rxd1 Bxc5
11. O-O b5 12. Be2 Bb7 $10) 9... cxd4 10. exd4 Nc6 11. Nxc6 bxc6 12. O-O a5 $14
) 9. Qf3 Ra7 10. Bd3 Bb7 11. Qh3 Nbd7 12. Rd1 g6 13. O-O Qa8 $6 (13... Qc8 $5)
14. Bg5 $1 Re8 (14... Nxe5 $2 15. dxe5 Nd5 16. Nxd5 Bxg5 17. Nf6+ Bxf6 18. exf6
Kh8 (18... h5 19. Qg3 Kh7 20. Qg5 $18) 19. Bxg6 fxg6 20. Rd7 h5 21. Qg3 Qe8 22.
Qxc7 $18) 15. Qh4 Bd8 $8 16. f3 $16 Bd5 $6 (16... Qc8 $5) 17. e4 Bb7 18. Bc2 $1
Qc8 19. Nd3 Ra8 20. Bb3 Nh5 (20... c5 $2 21. dxc5 Nxc5 22. Bxf6 $18) 21. Bxd8
Rxd8 $6 (21... Qxd8 $5 22. Qxd8 Rexd8 23. Ne2 Rac8 24. Rc1 $16) 22. Qf2 Ng7 23.
Ne2 Ne8 $6 (23... Re8 24. Rc1 Qd8 25. Rc2 c6 26. Rfc1 Qe7 $14) 24. Rc1 Nb6 25.
Nef4 Rb8 26. Ne5 $1 Ng7 27. Rfd1 Rd6 28. Qh4 c6 29. Ng4 $18 Kh8 (29... h5 30.
Nh6+ Kf8 31. Qf6 $18) 30. Nf6 h5 31. Qg5 1-0

[Event "ISR-ch op"]
[Site "Tel Aviv"]
[Date "1999.03.30"]
[Round "3"]
[White "Postny, Evgeny"]
[Black "Golod, Vitali"]
[Result "0-1"]
[WhiteElo "2360"]
[BlackElo "2554"]
[Annotator "Golod,V"]
[PlyCount "106"]
[EventDate "1999.03.28"]
[EventType "swiss"]
[EventRounds "9"]
[EventCountry "ISR"]
[SourceTitle "CBM 071"]
[Source "ChessBase"]
[SourceDate "1999.08.01"]
[SourceVersion "1"]
[SourceVersionDate "1999.08.01"]
[SourceQuality "1"]

1. d4 d5 2. c4 e6 3. Nf3 Nf6 4. Nc3 Be7 5. Bf4 O-O 6. e3 Nbd7 $5 {[%cal Gc7c5]}
7. h3 $6 {Besides,white has several options:} (7. a3 $5) (7. Rc1 $5) (7. Be2) (
7. Bd3) 7... c5 $5 {This move is better than:} (7... c6) (7... dxc4) (7... b6)
(7... a6) ({and} 7... Ne4) 8. dxc5 $5 ({Also possibly:} 8. cxd5 $5 Nxd5 9. Nxd5
exd5 10. Be2 (10. dxc5 $5 Nxc5 {-see 8.dxc5}) 10... cxd4 $5 11. exd4 Qa5+ 12.
Bd2 Qb6 13. Qb3 $11 {1/2-1/2 Agrest,E-Gavrilov,A/St.Petersburg 1993/CBM 34 (44)
}) 8... Nxc5 9. cxd5 $5 ({Dubious:} 9. Be2 $6 {in view of:} Nfe4 $1 (9... Nce4
$143) (9... Qb6 $143 10. Qc2 dxc4 11. Bxc4 Rd8 12. O-O Bd7 $11 {1/2-1/2 Klebel,
M-Rother,C/Bayern 1987/EXT 97 (21)}) 10. Nxe4 $140 dxe4 11. Qxd8 Rxd8 12. Nd4
f6 $36 {[%csl Rd4,Rf4][%cal Ge6e5]}) 9... Nxd5 10. Nxd5 exd5 11. Be5 $5 $146 {
[%csl Ye5][%cal Ye5c3]} (11. Be2 $6 {[Henley,R-Andersson,U/Indonesia,1983(1/
2-1/2)(11)]} Ne6 $5 12. Be5 Bb4+ $11) 11... Ne4 {[%csl Re1][%cal Ge7b4]} 12.
Bd3 $6 ({In my opinion good enough:} 12. a3 Qa5+ $6 (12... Re8 $5 {/\Bf6}) 13.
b4 $140 Qd8 {[%csl Ra3,Rb4][%cal Ga7a5]} (13... Bxb4+ $2 14. axb4 Qxb4+ 15. Nd2
(15. Ke2 $2 Bd7 $40) 15... Re8 16. Bd4 Ng3 $140 {[%csl Rd4,Re1,Ge8,Gg3,Rh1]
[%cal Gb4d4]} 17. Ra4 $1 $18) 14. Rc1 $14 {[%cal Ge5c7]}) 12... Qa5+ 13. Ke2 ({
Slightly better is:} 13. Kf1 {with the idea Kg1,Qe2,Kh2,Re1 or g3,Kg2~~}) 13...
Bd7 {[%csl Re2][%cal Gd7b5]} 14. Bd4 Ba4 $1 {[%mdl 2048]} 15. Qb1 ({Can be
recommended:} 15. Qe1 Bb4 $140 16. Qb1 $13) 15... Rac8 16. Rc1 ({Loses right
away:} 16. Bxe4 $4 dxe4 17. Qxe4 {because of:} Qa6+ $1 18. Ke1 $8 Rc2 {[%csl
Re1][%cal Ga6e2]} 19. Nd2 $8 Bb4 20. Bc3 (20. Rd1 $4 Bxd2+ 21. Rxd2 Rc1+ 22.
Rd1 Rxd1#) 20... Bxc3 21. bxc3 Rd8 $19) 16... Bb5 $1 ({Dubious:} 16... Rxc1 17.
Qxc1 Bb5 18. Qc2 {and white has a slight positional advantage.}) 17. Rd1 Rc6 {
[%csl Rc2,Gc6,Gf8][%cal Gf8c8]} 18. Ne5 $2 ({It is necessary:} 18. Kf1 Ba4 $5 (
18... Rfc8 $143 19. Kg1 $140 Ba4 $2 20. b3 Bb5 21. Bxe4 dxe4 22. Qxe4 $16) 19.
b3 Bb5 20. Kg1 Bxd3 21. Qxd3 Rfc8 $11) 18... Rc7 $40 {[%csl Gc7,Re2,Gf8][%cal
Gf8c8]} 19. a4 $6 ({Slightly better is:} 19. f3 Rfc8 $1 {[%csl Re2][%cal Gc7c2]
} (19... Bh4 $5 20. Bxb5 $8 (20. fxe4 $2 dxe4 21. Bxb5 Qxb5+ 22. Kd2 (22. Nd3
$2 Rfc8 $17 {[%csl Re2][%cal Gc7c2]}) 22... Rd8 $1 $40 {[%csl Rd2,Re5]} (22...
Qb4+ $143 23. Ke2 (23. Bc3 $2 Rd8+ $1 (23... Qd6+ $2 24. Bd4 (24. Kc2 $2 Qxe5
$19) (24. Ke2 $2 Qa6+ 25. Kd2 Rd8+ $17) 24... Qb4+ 25. Ke2 Qb5+ $11) 24. Kc2
Rdc8 $19 {[%csl Rc2][%cal Gc7c3]}) 23... Qb5+ 24. Kd2 {[%csl Re4]} Rd8 $5 $40 (
24... Qb4+ $6 $11))) 20... Qxb5+ 21. Qd3 Rc2+ 22. Kf1 Ng3+ 23. Kg1 Ne2+ 24. Kh1
Qxd3 25. Nxd3 Nxd4 26. exd4 Rfc8 $15 {_|_}) 20. fxe4 dxe4 $1 (20... Rc2+ $2 21.
Kf3 $1 (21. Kf1 $5 dxe4 22. Bc3 (22. Bxb5 $4 Qxb5+ 23. Kg1 Qe2 $19 {[%csl Rg2]}
) 22... R2xc3 23. bxc3 exd3 $13) 21... dxe4+ 22. Bxe4 (22. Kxe4 $4 Rf2 $1 {
[%csl Re4] and mate in 6 moves}) 22... Be2+ 23. Kg3 Bxd1 24. Qxd1 $16) 21. Bc4
(21. Bxb5 $2 Rc2+ $1 22. Kf1 Qxb5+ 23. Nd3 (23. Kg1 $143 Qe2 $19 {[%csl Rg2]})
23... exd3 $19) 21... Bxc4+ 22. Nxc4 Rxc4 23. Qxe4 Qb5 $17 {[%csl Re2]}) 19...
Bxd3+ 20. Nxd3 (20. Qxd3 $143 Rfc8 $17 {[%csl Rf2][%cal Gc7c2]}) 20... Rfc8 21.
b4 {[%cal Ga1a2,Ya2c2]} Rc2+ $1 22. Ke1 ({Badly:} 22. Kf1 $2 {in view of:} Qa6
{[%csl Gc2,Ge4,Rf2][%cal Gc2f2,Ge4d2]} 23. b5 (23. Ra2 Nd2+ $1 24. Rxd2 $140
Rc1+ {[%csl Ga6,Rb1,Rf1]} 25. Qxc1 Rxc1+ 26. Ke2 Bxb4 $19) (23. Kg1 Nd2 24. Nc5
Qe2 $1 25. Qxc2 Nf3+ 26. gxf3 Qxc2 $19) 23... Qa5 {[%cal Ge4d2]} 24. Kg1 Nd2 {
[%csl Rb1]} 25. Rxd2 Qxd2 $19) 22... Qa6 23. Bc5 $8 (23. Ra2 $2 Bxb4+ $1 24.
Qxb4 (24. Nxb4 $4 Qe2#) 24... Rxa2 $19) (23. b5 $2 Qa5+ 24. Kf1 Nd2+ 25. Rxd2
Qxd2 $19) 23... Re2+ $3 {[%mdl 64] After this tactical blow I have a winning
position.} 24. Kxe2 ({Worse is:} 24. Kf1 Bxc5 25. bxc5 (25. Nxc5 $4 Rxf2+ 26.
Kg1 Rxg2+ $1 27. Kxg2 Qe2+ 28. Kh1 Qf3+ 29. Kg1 Qf2+ 30. Kh1 Ng3#) 25... Rxf2+
26. Kg1 Nc3 27. Qb3 Nxd1 28. Rxd1 (28. Nxf2 $2 Nxf2 29. Kxf2 $140 Qf6+ {
[%csl Ra1]}) 28... Rf5 $19) 24... Nc3+ 25. Ke1 Nxb1 26. Raxb1 (26. Bxe7 $143
Nc3 27. Rd2 Ne4 $19) 26... Bf6 $1 $19 27. Rbc1 b6 $5 ({Slightly worse is:} 
27... Qxa4 {in view of:} 28. Bd4 Qe8 (28... Rxc1 $143 29. Rxc1 Bd8 $2 (29... h5
$5) 30. Rc8 Qd7 31. Ra8 $15 {[%csl Ga8,Rd8]}) 29. Bxf6 gxf6 30. Rxc8 Qxc8 $17)
28. Bd6 (28. Bd4 $2 Bxd4 29. exd4 (29. Rxc8+ Qxc8 30. exd4 Qc3+ 31. Ke2 Qc2+
32. Rd2 Qxa4 $19) 29... Re8+ 30. Kd2 Qxa4 $19) 28... Re8 29. Kf1 d4 $2 ({After:
} 29... Qxa4 30. Nf4 Bb2 $5 31. Rb1 d4 32. exd4 Qc2 {[%csl Gc2,Rf1] I have a
decisive advantage.}) 30. e4 $1 $17 (30. exd4 $2 Bxd4 $19 {[%csl Ra4]}) 30...
Qxa4 (30... Rxe4 $143 31. b5 Qb7 32. Rc7 Qa8 33. Rdc1 Re8 $17) 31. e5 Be7 32.
Bxe7 Rxe7 33. Rc8+ Re8 34. Rdc1 g5 $1 {[%csl Re5][%cal Yg5f4]} 35. R8c7 Qb5 {
[%csl Rd3]} 36. R1c4 Re7 $1 {[%csl Rc4,Rc7,Rd3]} 37. Rc8+ Kg7 38. Kg1 Qd5 $5 {
[%csl Rd3][%cal Gd5e4]} 39. f3 b5 {[%csl Rd3]} 40. Rc2 $8 {[%csl Yc2,Rd3][%cal
Yc2d2]} Qb3 41. Rd2 {[%csl Yd2][%cal Yd2d3]} a5 $1 42. bxa5 $140 Ra7 43. Kh2 $6
{Besides,white has two options:} (43. Nf2 $143 Qe3 44. Ra2 Rxa5 45. Rxa5 Qe1+
46. Kh2 Qxa5 $19) (43. Rcc2 $142 Rxa5 44. Rb2 Qd5 {-/+/-+}) 43... Rxa5 44. Rc7
Ra2 $1 $19 45. Rxa2 (45. Nc1 {is refuted by:} Qe3 $1 {[%csl Rc7,Rh2][%cal
Ge3e5]} 46. Rxa2 Qxe5+ 47. Kg1 Qxc7 $19) ({Also senseless:} 45. Nc5 {because
of:} Qd5 $1 {[%csl Rc7,Rh2][%cal Gd5e5]} (45... Qe3 $4 46. Ne6+ {[%cal Ye6c7]}
Kh6 47. Rxa2 Qxe5+ 48. Kh1 fxe6 49. Rc1 $15 {_|_}) 46. Rxa2 Qxe5+ 47. Kg1 Qxc7
$19) 45... Qxa2 46. Nc5 Qd5 47. f4 $8 {[%csl Rg7][%cal Ge5e6]} (47. e6 $4 Qd6+
{[%csl Rc7]}) 47... Kg6 $5 48. e6 fxe6 49. Nd3 Kf6 $5 50. Rc5 (50. fxg5+ $144
Qxg5 51. Rc5 Qd2 $19 {[%csl Rd3,Gd4]}) (50. Ne5 $144 gxf4 51. Nd7+ Kf5 $1 52.
Rc5 $140 d3 53. Rxd5+ exd5 $19 {[%csl Gd3]}) 50... Qe4 51. fxg5+ Ke7 52. Nf2 ({
Also loses:} 52. Ne5 d3 (52... Kd6 $5 53. Rxb5 $140 Qxe5+ $1 54. Rxe5 Kxe5 55.
Kg3 Kf5 56. h4 e5 57. Kf3 e4+ 58. Kf2 Kf4 59. g3+ Kg4 60. Ke2 e3 $19) 53. Nf3
Qf4+ 54. Kh1 b4 $19 {[%csl Gb4,Gd3]}) 52... Qe2 $1 {[%csl Rf2]} 53. Ng4 (53.
Kg1 Qe1+ {[%csl Rf2]}) (53. Kg3 Qe3+ {[%csl Rf2]}) 53... d3 {[%csl Gd3]} 0-1